Statistiques concernant Les 10 pays d'Europe avec le plus de meurtres

Cliquez ici pour prendre le quiz!

Statistiques générales

  • Ce quiz a été pris 539 fois
  • Le résultat moyen est 8 sur 10

Statistiques - réponses

Nombre d'homicides volontaires (pour 100 000 habitants)Pays% Correct
14,9Russie
98%
7,04Ukraine
88%
7,53Biélorussie
83%
7,0Estonie
82%
5,68Albanie
77%
8,13Lituanie
77%
3,08Bulgarie
76%
4,80Moldavie
74%
6,47Lettonie
73%
4,16Monténégro
64%

Distribution des résultats

Percentile par nombre de réponses

% des personnes avec chaque résultat

Votre développement - résultats

Vous n’avez pas pris ce quiz